000 00376nam a2200157Ia 4500
003 OSt
005 20240307105326.0
008 170523s9999 xx 000 0 und d
020 _a978-0070390614
040 _cIIMTU MEERUT
100 _aLUCAS- HENERY C
245 0 _aINFORMATION TECHNOLOGY FOR MANAGEMENT
260 _bTATA MC GRAW HILL
260 _c2004
942 _2ddc
_c02
999 _c1133
_d1133